000 00518nam a22001937a 4500
005 20140429122123.0
008 140429b xxu||||| |||| 00| 0 eng d
020 _c150.00
040 _aLoreto College
082 _a371.33
_bCHA
100 _aChadha,Satish C.
245 _aEducational technology and management
_cSatish C.Chadha
260 _aMeerut
_bR.Lall Book Depot
_c2009
300 _a342p
_b22cm
650 _aEducational technology
650 _aTechnology in education
850 _aLCLIB
942 _cBK
999 _c39176
_d89655